00486nam a22001697a 450000500170000000800410001704000070005804100120006508200200007710000200009724500620011726000440017930000290022336500280025265000140028070000220029420220721111454.0220721b ||||| |||| 00| 0 eng d cAL aEnglish 223a335.5bDANE aMadhu Dandavate aEvolution of Socialist Policies and Perspective 1934-1984 aBombaybPopular Prakashan Pvt Ltdc1986 a29 p.bPBc20.5x13.3 cm. b₹10.00c₹d₹10.00 aSocialism aDANDAVATE (MADHU)